00000000nas##2200000za#4500
0019.511874
003CaOODSP
00520241101141008
007ta
008150406c2009||||xxc|| p #||||f|   |0eng|d
022 |a1922-3056
040 |aCaOODSP|beng
041 |aeng
041 |afre
043 |an-cn---
0861 |aV100
1101 |aCanada. |bOffice of the Veterans Ombudsman.
24510|aOffice of the Veterans Ombudsman - annual report
260 |aOttawa - Ontario : |bVeterans Affairs Canada.
310 |aAnnual
3621 |a[2008-2009]--
5203 |aProvides an overview of the structure, operations, and progress of the Office of the Veterans Ombudsman.
563 |aSoftcover
7760#|tAnnual report |w(CaOODSP)9.505906
792 |tBureau de l'ombudsman des vétérans - rapport annuel |efre|w(CaOODSP)9.511875